[Event "FIDE Grand Prix #2"]
[Site "Sochi RUS"]
[Date "2008.08.07"]
[Round "7"]
[White "Grischuk, Alexander"]
[Black "Gelfand, Boris"]
[Result "1/2-1/2"]
[WhiteElo "2728"]
[BlackElo "2720"]
[EventDate "2008.07.31"]
[PlyCount "92"]
[EventType "tourn"]
[EventRounds "13"]
[EventCountry "RUS"]
[EventCategory "19"]
[SourceTitle "CBM 126"]
[Source "ChessBase"]
[SourceDate "2008.10.01"]
[SourceVersion "1"]
[SourceVersionDate "2008.10.01"]
[SourceQuality "1"]

1.d4 Nf6 2.c4 e6 3.g3 d5 4.Nf3 dxc4 5.Bg2 Nc6 6.Qa4 Bb4+ 7.Bd2 Nd5 8.Bxb4 
Nxb4 9.O-O Rb8 10.Na3 O-O 11.Qb5 b6 12.Qxc4 Ba6 13.Nb5 Qd5 14.Qxd5 Nxd5 
15.a4 Na5 16.Ne5 Rbd8 17.Bxd5 Bxb5 18.Bxe6 Be8 19.b4 fxe6 20.bxa5 Rxd4 21.
axb6 cxb6 22.a5 Rd5 23.Nd3 Rxa5 24.Rxa5 bxa5 25.Nc5 Bb5 26.Nxe6 Re8 27.Nd4
Bxe2 28.Nxe2 Rxe2 29.Rc1 Re8 30.Rc6 a4 31.Ra6 Ra8 32.Kf1 Kf7 33.Ke2 a3 34.
Kd3 a2 35.Kc3 a1=Q+ 36.Rxa1 a5 37.Ra4 Ke6 38.h4 Kd5 39.Rd4+ Kc6 40.Rg4 Ra7
41.Kb3 a4+ 42.Ka3 Kd5 43.f3 Ke5 44.Re4+ Kd5 45.Rg4 Ke5 46.Re4+ Kd5 1/2-1/2